The rise of the Irish trade unions, 1729-1970.
保存先:
| 第一著者: | |
|---|---|
| フォーマット: | 図書 |
| 言語: | Undetermined |
| 出版事項: |
Tralee, Ire
Anvil Books
1957
|
| 主題: | |
| タグ: |
タグ追加
タグなし, このレコードへの初めてのタグを付けませんか!
|
| Thư viện lưu trữ: | Trung tâm Học liệu Trường Đại học Cần Thơ |
|---|
| LEADER | 00523nam a2200205Ia 4500 | ||
|---|---|---|---|
| 001 | CTU_86468 | ||
| 008 | 210402s9999 xx 000 0 und d | ||
| 082 | |a 331.8 | ||
| 082 | |b B789 | ||
| 100 | |a Boyd, Andrew | ||
| 245 | 4 | |a The rise of the Irish trade unions, 1729-1970. | |
| 245 | 0 | |c Andrew Boyd | |
| 260 | |a Tralee, Ire | ||
| 260 | |b Anvil Books | ||
| 260 | |c 1957 | ||
| 650 | |a Labor unions | ||
| 650 | |x History | ||
| 650 | |z Ireland | ||
| 904 | |i Năm | ||
| 980 | |a Trung tâm Học liệu Trường Đại học Cần Thơ | ||